00374nam a22001337a 4500003000400000005001700004008004100021040001100062100006300073245004900136250000800185260003900193300000800232OSt20240416105357.0240416b |||||||| |||| 00| 0 eng d cMRSPTU aAjit Pal Singh (ਅਜੀਤ ਪਾਲ ਸਿੰਘ)  aSehat Sambal ( ਸਿਹਤ ਸੰਭਾਲ) a1st aPunjabbTarkbharti Parkashanc1998 a184